| 000 | 00593nam a2200181 a 4500 | ||
|---|---|---|---|
| 005 | 20220725142445.0 | ||
| 008 | 991125s1967 mx 000 0 spa u | ||
| 035 | _aUPN01000026068 | ||
| 049 | _aLT | ||
| 050 | 4 |
_aLB1653 M6 _bP3.4 1967 |
|
| 100 | 1 | _aPardo Zepeda, Federico | |
| 245 | 1 | 0 |
_aGeografía física y humana : _bprimer curso / _cFederico Pardo Zepeda. |
| 260 |
_aMéxico : _bprogreso, _c1967. |
||
| 300 |
_a[46] h. : _bil. |
||
| 650 | 4 |
_aGeografía física _xEstudio y enseñanza (Secundaria) _921662 |
|
| 650 | 4 |
_aGEOGRAFIA HUMANA - _xESTUDIO Y ENSEÑANZA (SECUNDARIA) |
|
| 905 | _aLibro | ||
| 999 |
_c26068 _d26068 |
||